000 01233cab a2200301 4500
001 ABS60465
008 090401t1999 xxu||||| |||| 00| 0 eng d
035 _a(Sirsi) u92690
041 _aeng
100 _aRowan-Robinson, J.
245 _aAssessing the compensation for electricity wayleaves
260 _c1999
350 _a0
490 _aJournal of Property Investment and Finance
_v17 (2) February 1999, 176-190(8)
520 _aExamines compensation payable for electricity wayleaves through forests. Finds that most negotiations take place `under the shadow` of compulsory powers, with the compensation paid being the loss to the landowner rather than the gain to the electricity supply company. Urges caution when applying a discounted cash flow approach to the valuation of afforestation.
650 _aAFFORESTATION
650 _aCOMPENSATION
650 _aDISCOUNTED CASH FLOW ANALYSIS
650 _aELECTRICITY WAYLEAVES
650 _aEQUIVALENCE
650 _aFORESTRY
650 _aFORESTS
690 _aENVIRONMENTAL AND LAND CONSULTANCY-PLANNING AND DEVELOPMENT-COMPULSORY PURCHASE AND COMPENSATION
700 _aCameron, A.
700 _aHutchinson, N.
942 _n0
948 _c13/04/1999
999 _c58747
_d58747